000 00439nam a2200181Ia 4500
001 19603
005 20260306172705.0
008 260306t2017||||xx |||||||||||||| ||spa||
041 _aESP
082 _a340.7
_bE373 Nº 28
100 _aGonzales Hunt, César
_eAUT
245 0 _aEl derecho a la seguridad social
260 _c2017
300 _a164 páginas :
_c20 cm.
650 _aGEN
654 _aCDE
942 _cLIB
_dJUS
_fJUS
_2ddc
_n
999 _c19603
_d19603